Buffy 2-Word Episode Match Quiz Stats

 Plays Quiz not verified by Sporcle

Score 0/29 Timer 05:00
0 Plays Today
% Correct
Pet
96.2%
Rasa
95.7%
Day
95.1%
Bells
95.1%
Walk
94.9%
Itself
94.7%
Bad
94.5%
Blue
94.3%
Candy
93.8%
Ties
93.2%
Girl
92.8%
Palace
92.8%
Boy
92.3%
Life
92.3%
Red
92.1%
% Correct
Date
91.9%
Conditions
91.7%
Hard
91.5%
Fish
91.3%
Iowa
91.3%
Love
91.3%
Again
90.4%
Places
89.8%
Things
88.9%
Girls
88.1%
You
87.4%
Serial
86.8%
Me
83.6%
Eggs
74.3%

You're not logged in!

Compare scores with friends on all Sporcle quizzes.
OR
Log In

Show Comments

Extras

Top Quizzes Today


Score Distribution

Your Account Isn't Verified!

In order to create a playlist on Sporcle, you need to verify the email address you used during registration. Go to your Sporcle Settings to finish the process.

Report this User

Report this user for behavior that violates our Community Guidelines.

Details: